000 00730nam a22002417a 4500
008 130902b xxu||||| |||| 00| 0 eng d
020 _a81-219-0859-0
024 _cAvailable
037 _cAvailable
040 _aMBSTU LIBRARY
_dMBSTU LIBRARY
082 _222
_a577 VEE
100 _aVerma, P.S.
245 _aEnvironmental biology : principles of ecology.
260 _aNew Delhi
_bS.Chand and Company.
_c2001
300 _a21 cm.
_b591 page
_f1
_g21 cm.
600 _2Environmental biology.
650 _2Environmental biology.
700 _aVerma, P.S.
270 _aNew Delhi
_bNew Delhi
_dIndia
365 _b132.00
_d132.00
942 _2ddc
_cBK
999 _c646
_d646